000
00272nam a2200133Ia 4500
100
_a
WCTQ 94
942
_c
BK
654
_a
Corporate culture
245
_a
Changing Corporate Culture
260
_b
none
082
_a
658.562
_b
TSU/WK
546
_a
ENGLISH
999
_c
22813
_d
22813